Statistiques concernant Capitales Aléatoires de l'Afrique - Carte Quiz

Cliquez ici pour prendre le quiz!

Statistiques générales

  • Ce quiz a été pris 1 954 fois
  • Le résultat moyen est 7 sur 10

Réponses sur la Carte

Les réponses sont colorées sur une échelle allant du rouge au vert en fonction du pourcentage des utilisateurs qui les ont devinées à leur premier essai. Vous pouvez retrouver ces pourcentages ci-dessous.
 

Statistiques - réponses

Réponse% Correct
Alger
97%
Le Caire
95%
Tunis
94%
Rabat
91%
Dakar
86%
Bissau
85%
Sao Tomé
84%
Djibouti
83%
Le Cap
83%
Tripoli
80%
Bamako
79%
Pretoria
78%
Yaoundé
78%
Antananarivo
77%
Kinshasa
77%
Freetown
76%
Nairobi
76%
Praia
74%
Lomé
73%
Addis-Abeba
72%
Brazzaville
72%
Libreville
71%
Port-Louis
70%
Khartoum
69%
Niamey
68%
Ouagadougou
65%
Yamoussoukro
64%
Bloemfontein
63%
Kigali
60%
Victoria
60%
Conakry
59%
Djouba
59%
Banjul
58%
Abuja
57%
Cotonou
57%
Mogadiscio
57%
Bangui
56%
Ndjamena
56%
Porto-Novo
56%
Accra
55%
Kampala
55%
Maputo
55%
Nouakchott
55%
Luanda
53%
Lusaka
52%
Harare
51%
Lilongwe
51%
Asmara
49%
Gaborone
49%
Moroni
49%
Monrovia
48%
Mbabane
47%
Windhoek
47%
Maseru
42%
Gitega
40%
Malabo
39%
Dodoma
36%

Distribution des résultats

Percentile par nombre de réponses

% des personnes avec chaque résultat

Votre développement - résultats

Vous n’avez pas pris ce quiz